000 00602nam a22002297a 4500
003 UA-OsUOA
001 22745
007 ta
008 20031224b un ||||| |||| 00| 0 ukr d
090 _a262.4
_bС54
942 _cBK
040 _aUA-OsUOA
_bukr
_cUA-OsUOA
_dUA-OsUOA
245 _aСобор Української Православної Церкви
300 _a62 с.
955 _a0
041 _aukr
080 _a262.4
260 _aКиїв
_bВидання Української Православної Церкви
_c1992
044 _aUA
650 7 _2UDC
999 _c308973
_d308973